Statistics for 第16回衆議院議員総選挙において議席を獲得した政党

Click here to take the quiz!

General Stats

  • This quiz has been taken 2 times
  • The average score is 3 of 8

Answer Stats

HintAnswer% Correct
217立憲政友会
100%
216立憲民政党
100%
1日本労農党
50%
4実業同志会
0%
4社会民衆党
0%
3革新党
0%
2労働農民党
0%
1九州民憲党
0%

Score Distribution

Percentile by Number Answered

Percent of People with Each Score

Your Score History

You have not taken this quiz